Wymień imiona kycyków z My Little Pony - Statystyki

Ogólne statystyki
  • Ten quiz został rozwiązany 254 razy
    253 od ostatniego zresetowania
  • Średni wynik to 5 z 6
Statystyki odpowiedzi
L.p. Odpowiedź % Poprawnych
1. Applejack
94%
4. Rainbow Dash
94%
3. Pinkie Pie
91%
5. Rarity
85%
2. Fluttershy
83%
6. Twilight Sparkle
82%
Nie znaleziono quizów pasujących do podanych kryteriów
Rozkład punktacji
Procent ludzi z każdym wynikiem
Percentyl według liczby udzielonych odpowiedzi
Twoja historia wyników
Nie rozwiązałeś tego quizu od ostatniego zresetowania